[Event "London SCCU op"]
[Site "London"]
[Date "1995.08.??"]
[Round "3"]
[White "Van Zyl Smit, Konrad"]
[Black "Wilson, Jonathan"]
[Result "1/2-1/2"]
[WhiteElo "2100"]
[BlackElo "2245"]

1.e4 c5 2.c3 Nf6 3.e5 Nd5 4.d4 cxd4 5.Nf3 e6 6.cxd4 b6 7.Nc3 Nxc3 8.bxc3 Qc7
9.Bd2 Be7 10.Bd3 Ba6 11.Qe2 Bxd3 12.Qxd3 Nc6 13.c4 d6 14.exd6 Qxd6 15.O-O O-O
16.Rad1 Rfd8 17.Ng5 Bxg5 18.Bxg5 f6 19.Be3 Rac8 20.Qb1 Qb4 21.c5 Rd5 22.Qxb4 Nxb4
23.Rb1 bxc5 24.dxc5 Nc2 25.Rfc1 Nxe3 26.fxe3 Rdxc5 27.Rxc5 Rxc5 28.Rb8+ Kf7
29.Rb7+ Kg6 30.Rxa7 Rc2 31.Kf1 f5 32.a4 Ra2 33.a5 Kf6 34.a6 h6 35.Ra8 Ke5
36.a7 g5 37.h3 h5 38.Ke1 g4 39.hxg4 hxg4 40.Kf1 Ke4 41.Re8 Rxa7 42.Rxe6+ Kd3
43.Kf2  1/2-1/2

[Event "Aalborg"]
[Site "Aalborg"]
[Date "1995.??.??"]
[Round "5"]
[White "Pedersen, Steffen"]
[Black "Jakobsen, Lars Veno"]
[Result "1-0"]
[WhiteElo "2405"]
[BlackElo "2310"]

1.e4 c5 2.c3 Nf6 3.e5 Nd5 4.Nf3 e6 5.Bc4 d6 6.d4 Nc6 7.O-O cxd4 8.cxd4 Be7
9.Qe2 Nb6 10.Bb3 dxe5 11.dxe5 Bd7 12.Nc3 Na5 13.Bc2 Rc8 14.Bf4 O-O 15.Rfd1 Qc7
16.Ng5 h6 17.Nh7 Rfd8 18.Bxh6 gxh6 19.Rd3 Ba4 20.Rg3+ Bg5 21.Be4 Nd5 22.h4 Nf4
23.Qf3 Qxe5 24.Nxg5 Kf8 25.Nxf7 Kxf7 26.Rg4 Bc6 27.Rxf4+ Ke7 28.Rf7+  1-0

[Event "Aegina op"]
[Site "Aegina"]
[Date "1995.??.??"]
[Round "4"]
[White "Tzermiadianos, Andreas"]
[Black "Vratonjic, Slobodan"]
[Result "0-1"]
[WhiteElo "2400"]
[BlackElo "2445"]

1.e4 c5 2.c3 Nf6 3.e5 Nd5 4.d4 cxd4 5.Nf3 e6 6.cxd4 b6 7.Nc3 Nxc3 8.bxc3 Qc7
9.Bd2 Bb7 10.Bd3 d6 11.O-O Nd7 12.Re1 dxe5 13.Nxe5 Nxe5 14.Rxe5 Bd6 15.Rh5 g6
16.Rh3 O-O 17.Qe2 Rfe8 18.Re1 Rac8 19.Qg4 f5 20.Qh4 Qf7 21.Bb5 Re7 22.Bf4 Bxf4
23.Qxf4 Rec7 24.c4 a6 25.Ba4 Rxc4 26.Bb3 Qd7 27.Qe5 Qd5 28.Qxe6+ Qxe6 29.Rxe6 Rc1+
30.Re1+ Kf8 31.Re3 Rxe1+ 32.Rxe1 Rd8 33.Rd1 Bd5 34.f3 Ke7 35.Rb1 Bxb3 36.Rxb3 Rd6
37.Kf1 Ke6 38.Ke2 Kd5 39.Kd3 f4 40.Ra3 b5 41.Ra5 Re6 42.h3 g5 43.a3 h5 44.Kc3 Re3+
45.Kd2 Re6 46.Kc3 g4 47.hxg4 hxg4 48.fxg4 Ke4 49.d5 Kxd5 50.a4 Re3+ 51.Kd2 Kc4
52.Rxa6 b4 53.Rc6+ Kb3 54.a5 Rg3 55.Ke2 Rxg4 56.Kf2 Ka3 57.a6 Rg5 58.Kf3 b3
59.Kxf4 Ra5 60.Rb6 b2 61.g4 Ra4+ 62.Kf5 Rb4  0-1

[Event "Cseppko op"]
[Site "Aggtelek"]
[Date "1995.??.??"]
[Round "?"]
[White "Kovacs, Aladar"]
[Black "Molnar, B."]
[Result "0-1"]
[WhiteElo "2210"]
[BlackElo "2365"]

1.e4 c5 2.c3 Nf6 3.e5 Nd5 4.d4 cxd4 5.Nf3 Nc6 6.Bc4 Nb6 7.Bb3 g6 8.cxd4 Bg7
9.O-O O-O 10.Qe2 Na5 11.Bc2 d6 12.h3 Be6 13.b3 Nc6 14.Bb2 Nb4 15.Ng5 Nxc2
16.Nxe6 fxe6 17.Qxc2 Rc8 18.Qe2 Nd5 19.g3 dxe5 20.dxe5 b5 21.Na3 a6 22.Rac1 Qb6
23.Rxc8 Rxc8 24.Qg4 Nc3 25.Bxc3 Rxc3 26.Re1 Qc6 27.Qf4 Qd5 28.Kh2 Rf3  0-1

[Event "Agios Nikolaos op"]
[Site "Agios Nikolaos"]
[Date "1995.??.??"]
[Round "5"]
[White "Tzermiadianos, Andreas"]
[Black "Saltaev, Mihail"]
[Result "1/2-1/2"]
[WhiteElo "2440"]
[BlackElo "2495"]

1.e4 c5 2.c3 Nf6 3.e5 Nd5 4.d4 cxd4 5.Nf3 e6 6.cxd4 d6 7.Bc4 Be7 8.O-O O-O
9.Nc3 Nxc3 10.bxc3 Nd7 11.Bf4 dxe5 12.Nxe5 Nxe5 13.Bxe5 Bd7 14.d5 Bf6 15.dxe6 Bxe6
16.Bxe6 Bxe5 17.Bd5 Qa5 18.Qf3 Rac8 19.Rae1 Rxc3 20.Rxe5 Rxf3 21.Bxf7+ R3xf7
22.Rxa5 b6 23.Rd5 Rc8 24.Rfd1 Rc2 25.R5d2  1/2-1/2

[Event "Agios Nikolaos op"]
[Site "Agios Nikolaos"]
[Date "1995.??.??"]
[Round "9"]
[White "Tzermiadianos, Andreas"]
[Black "Miladinovic, Igor"]
[Result "1-0"]
[WhiteElo "2440"]
[BlackElo "2535"]

1.e4 c5 2.c3 Nf6 3.e5 Nd5 4.d4 cxd4 5.Nf3 e6 6.cxd4 d6 7.Bc4 Be7 8.O-O Nc6
9.a3 O-O 10.Bd3 Re8 11.Qe2 g6 12.Re1 b6 13.Bh6 Bb7 14.Nbd2 dxe5 15.dxe5 Bf8
16.Bxf8 Rxf8 17.Ne4 Nce7 18.Qd2 Nf5 19.Bc4 Kg7 20.Rad1 Rc8 21.Bxd5 Bxd5 22.Qf4 Rc4
23.b3 Rxe4 24.Rxe4 Qa8 25.Ree1 h5 26.Rd3 Qc6 27.h3 Qb5 28.Rc3 Bxf3 29.Qxf3 h4
30.a4 Qb4 31.Rd1 Kg8 32.Rc7 a5 33.Qc3 Qf4 34.Rc4 Qg5 35.Rc8 Ne7 36.Rxf8+ Kxf8
37.Qd2 Qh5 38.Qd8+ Kg7 39.Re1 Nd5 40.Re4 g5 41.Rg4 Kg6 42.f4  1-0

[Event "Altensteig"]
[Site "Altensteig"]
[Date "1995.??.??"]
[Round "4"]
[White "Vogt, Lothar"]
[Black "Grosar, Aljosa"]
[Result "1/2-1/2"]
[WhiteElo "2475"]
[BlackElo "2485"]

1.e4 c5 2.c3 Nf6 3.e5 Nd5 4.d4 cxd4 5.Nf3 e6 6.cxd4 b6 7.Bd3 Bb4+ 8.Bd2 Bxd2+
9.Qxd2 Ba6 10.Nc3 Nxc3 11.bxc3 Bxd3 12.Qxd3 d5 13.exd6 Qxd6 14.O-O Nd7 15.Rfd1 O-O
16.Qa6 Rac8 17.c4 Rc7 18.Rac1 Rfc8 19.Qb5 h6 20.h3 Qa3 21.Qb3 Qa6 22.Nd2 e5
23.d5 Qa5 24.Rb1 Nc5 25.Qe3 Qxa2 26.Qxe5 Qc2 27.Qd4 Qd3 28.Qg4 Rd8 29.Nb3 Qc2
30.Nd4 Qxc4 31.Rbc1 Qa4 32.Qg3 Qd7 33.Nf5 Qxf5 34.Qxc7 Rxd5 35.Rxd5 Qxd5
36.Qxa7 Nd3 37.Rc8+ Kh7 38.Qxb6 Nf4 39.Qc6 Ne2+ 40.Kh2 Qe5+ 41.g3 Nd4 42.Qg2 h5
43.h4 Nf5 44.Rc4 Nd4 45.Rc3 Nf5 46.Rd3 Nh6 47.Qd5 Qxd5 48.Rxd5 g6 49.Kg2 Kg7
50.Kf3 Ng4 51.Rd2 Kf6 52.Kf4 Kg7 53.Ke4 Nf6+ 54.Ke5 Ng4+ 55.Kd6 Kf8 56.Ra2 Kg7
57.Ke7 Nf6 58.Ra7 Ng8+ 59.Kd6 Nf6 60.f3 Ng8 61.Ke5 Nh6 62.Ra6 Nf5 63.Kf4 Ne7
64.Rd6 Nf5 65.Rd7 Kf6 66.Rd5 Ne7 67.Rd6+ Kg7 68.Ra6 Nf5 69.Ra5 Kf6 70.Rb5 Ne7
71.Ke4 Kg7 72.Re5 Ng8 73.Rb5 Ne7 74.Kf4 Kf6 75.Rb6+ Kg7 76.Rd6 Nf5 77.Rd1 Kf6
78.Rg1 Ne7 79.Ke4 Nf5 80.Kd5 Ne3+ 81.Kd6 Nf5+ 82.Kd7 Kg7 83.Kd8 Nd4 84.Rf1 Nf5
85.Rg1 Nd4 86.f4 Nf5 87.Kd7 Kf6 88.Kc6 Nh6 89.Kd6 Nf5+ 90.Kd5 Ne3+ 91.Ke4 Nf5
92.Rg2 Ke6 93.Kf3 Nd4+ 94.Kf2 Nf5 95.Rg1 Kf6 96.Ra1 Kg7 97.Ra6 Nh6 98.Kf3 Nf5
99.Ra3 Kf6 100.Ke4 Kg7 101.Ke5 Nh6 102.Kd6 Nf5+ 103.Kd7 Kf6 104.Ke8 Kg7 105.Rd3 Kg8
106.Rd7 Nh6 107.Ke7 Kg7 108.Rd3 Nf5+ 109.Ke8 Kg8 110.Ra3 Kg7 111.Ra7 Nd6+
112.Kd7 Nf5 113.Ra3 Kf6 114.Rd3 Kg7 115.Kc6 Kf6 116.Kd5 Ne7+ 117.Ke4 Nf5
118.Rb3 Nd6+ 119.Kf3 Nf5 120.Rb1 Nd4+  1/2-1/2

[Event "Amantea op"]
[Site "Amantea"]
[Date "1995.??.??"]
[Round "2"]
[White "Sveshnikov, Evgeny"]
[Black "Mauro, Alan"]
[Result "1-0"]
[WhiteElo "2580"]
[BlackElo "2350"]

1.e4 c5 2.c3 Nf6 3.e5 Nd5 4.Nf3 e6 5.Bc4 Nb6 6.Be2 Be7 7.d4 O-O 8.O-O Nc6
9.Bf4 Nd5 10.Bg3 cxd4 11.c4 Ndb4 12.a3 d3 13.Bxd3 Nxd3 14.Qxd3 a5 15.Nc3 a4
16.Rad1 Qb6 17.Rd2 Ra5 18.Nb5 Na7 19.Nfd4 Bc5 20.Nxa7 Qxa7 21.Nb5 Qb8 22.Re1 b6
23.Re4 Qb7 24.Rg4 Qc6 25.Bh4 g6 26.Bf6 Re8 27.Qh3 Bf8 28.Rh4  1-0

[Event "Donner mem op"]
[Site "Amsterdam"]
[Date "1995.??.??"]
[Round "8"]
[White "Rytshagov, Mikhail"]
[Black "Van der Wiel, John TH"]
[Result "0-1"]
[WhiteElo "2475"]
[BlackElo "2545"]

1.e4 c5 2.c3 Nf6 3.e5 Nd5 4.Nf3 Nc6 5.d4 cxd4 6.Bc4 Nb6 7.Bb3 d5 8.exd6 Qxd6
9.O-O Be6 10.Na3 Bxb3 11.Qxb3 Qd5 12.Nb5 Rc8 13.Nfxd4 Nxd4 14.Nxd4 e6 15.Be3 Nc4
16.Qa4+ Qd7 17.Qxd7+ Kxd7 18.Rad1 Nxe3 19.fxe3 Ke8 20.Nb3 Be7 21.Rd4 h5 22.Rfd1 Rc7
23.Na5 h4 24.h3 Rh5 25.Nc4 Rhc5 26.Nd6+ Kf8 27.Rf1 Bxd6 28.Rxd6 Ke7 29.Rfd1 Re5
30.Kf2 Ra5 31.a3 Rb5 32.R6d2 f5 33.Kf3 Kf6 34.Rf2 Rc4 35.Rd7 g5 36.Rfd2 a5
37.Rh7 Re4 38.Rh6+ Kg7 39.Rh5 Kg6 40.Rh8 Rbe5 41.Rdd8 Rxe3+ 42.Kf2 Re2+ 43.Kg1 Rc5
44.Rdg8+ Kf6 45.Rh6+ Ke5 46.Rxg5 Rxb2 47.Rgg6 Rb6 48.Rxh4 Rxc3 49.Rh8 Rxa3
50.Kh2 a4 51.h4 Rc3 52.h5 Rc4 53.h6 Rh4+ 54.Kg3 Rh1 55.h7 a3 56.Ra8 Rb3+  0-1

[Event "Andorra op"]
[Site "Andorra"]
[Date "1995.??.??"]
[Round "6"]
[White "Quadrio, Alexandre"]
[Black "Jansa, Vlastimil"]
[Result "0-1"]
[WhiteElo "2220"]
[BlackElo "2525"]

1.e4 c5 2.c3 Nf6 3.e5 Nd5 4.d4 cxd4 5.Nf3 b6 6.cxd4 e6 7.Bd3 Be7 8.O-O Ba6
9.Nc3 Nxc3 10.bxc3 Bxd3 11.Qxd3 O-O 12.Re1 Nc6 13.Re4 d6 14.exd6 Qxd6 15.Ng5 Bxg5
16.Bxg5 e5 17.Rae1 exd4 18.cxd4 Qd5 19.Rh4 f5 20.Qh3 Rae8 21.Rf1 f4 22.Bxf4 Nxd4
23.Be3 Ne2+ 24.Kh1 Qd3 25.Re1 Nf4 26.Qg3 Nd5 27.h3 Nxe3 28.fxe3 Rf7 29.Rf4 Rfe7
30.Rf3 Qc2 31.Rf2 Qc3 32.Rf3 h6 33.Qf2 Re4 34.Rf1 Qe5 35.Re1 a5 36.Qd2 Qe6
37.Qb2 Rb4 38.Qf2 b5 39.Rf1 Kh7 40.Rf8 Rxf8 41.Qxf8 Rb2 42.Rf2 Rxf2 43.Qxf2 b4
44.Qc2+ Kg8 45.Qd2 Kf7 46.Qc2 Kf6 47.Qb2+ Qe5 48.Qf2+ Ke6 49.Qc2 Kd5 50.Qd3+ Kc5
51.Qc2+ Kb6 52.e4 Qd4 53.Kh2 Kb5 54.Qe2+ Qc4 55.Qb2 Qxe4 56.Qxg7 Qf4+ 57.Kh1 Qc1+
58.Kh2 Ka4 59.Qe5 Qc4 60.Qb2 Qc7+ 61.Kh1 Qc3 62.Qe2 Ka3 63.Qa6 Qa1+ 64.Kh2 Qe5+
65.Kh1 Kxa2 66.Qxh6 b3 67.Qc6 Qd4 68.Qe6 a4 69.g4 Kb1 70.Qe1+ Kc2 71.Qe2+ Kc1
72.Qe7 b2 73.Qa3 Kc2 74.Qa2 Qb4  0-1

[Event "Ankara zt"]
[Site "Ankara"]
[Date "1995.??.??"]
[Round "5"]
[White "Seitaj, Ilir"]
[Black "Matulovic, Milan"]
[Result "1/2-1/2"]
[WhiteElo "2405"]
[BlackElo "2445"]

1.e4 c5 2.c3 Nf6 3.e5 Nd5 4.d4 cxd4 5.Nf3 Nc6 6.cxd4 d6 7.Bc4 Nb6 8.Bb5 dxe5
9.Nxe5 Bd7 10.Nc3 Nxe5 11.dxe5 Bxb5 12.Nxb5 Qxd1+ 13.Kxd1 Nd5 14.Ke2 e6 15.Rd1 Bc5  1/2-1/2

[Event "Ano Liosia op"]
[Site "Ano Liosia"]
[Date "1995.??.??"]
[Round "2"]
[White "Tzioufas, Konstantinos"]
[Black "Atalik, Suat"]
[Result "0-1"]
[WhiteElo "2190"]
[BlackElo "2500"]

1.e4 c5 2.c3 Nf6 3.e5 Nd5 4.d4 cxd4 5.Nf3 e6 6.cxd4 d6 7.Nc3 Nxc3 8.bxc3 Qc7
9.Bd2 Bd7 10.Bd3 Bc6 11.O-O Nd7 12.Ng5 dxe5 13.f4 e4 14.Nxe4 Nf6 15.Nxf6+ gxf6
16.Qe2 O-O-O 17.Be4 f5 18.Bxc6 Qxc6 19.a4 Bd6 20.Rab1 Kb8 21.a5 Ka8 22.a6 Qxa6
23.Qxa6 bxa6 24.Ra1 Bc7 25.Rxa6 Bb6 26.Rf3 Kb7 27.Ra2 Kc6 28.Kf2 f6 29.Rh3 h5
30.Rg3 Rhg8 31.Rxg8 Rxg8 32.Kf3 Kd5 33.Ra4 Rc8 34.Be1 Rc4 35.Ra2 Rc6 36.Ra4 a5
37.Ke2 Rc4 38.Ra3 Ke4 39.Bh4 Bd8 40.Kd2 a4 41.Ra1 Ba5 42.Rc1 a3 43.d5 Kxd5
44.Bxf6 Rxf4 45.Kd3 e5 46.Ra1 Ra4 47.c4+ Ke6 48.Bg5 a2 49.Bd2 Bb6 50.Bc3 Ra3  0-1

[Event "BEL-chT9596"]
[Site "Antwerp"]
[Date "1995.??.??"]
[Round "3"]
[White "De Wit, Dick"]
[Black "Boey, Josef"]
[Result "1-0"]
[WhiteElo "2305"]
[BlackElo "2295"]

1.e4 c5 2.c3 Nf6 3.e5 Nd5 4.d4 Nc6 5.Nf3 d6 6.exd6 exd6 7.Be2 Be7 8.O-O O-O
9.c4 Nc7 10.d5 Nb8 11.Nc3 Bg4 12.h3 Bxf3 13.Bxf3 Nd7 14.Bf4 f5 15.Re1 g5
16.Qe2 Rf7 17.Bh2 Qf8 18.Nb5 Nxb5 19.cxb5 Nf6 20.Qe6 f4 21.Re2 Qg7 22.g3 h5
23.gxf4 g4 24.hxg4 hxg4 25.Bg2 Re8 26.Rae1 Bf8 27.Qf5 Nh7 28.Qd3 Be7 29.Be4 Nf8
30.Bg3 Rd8 31.Bf5 Bf6 32.Re8 Rxe8 33.Rxe8 Re7 34.Be6+ Kh8 35.Rxe7 Bxe7 36.Qf5 Qxb2
37.Qh5+ Nh7 38.Bf5 Qa1+ 39.Kg2 Qg7 40.Bxh7 Qxh7 41.Qe8+ Qg8 42.Qxe7 Qxd5+
43.Kh2  1-0

[Event "ARG-ch"]
[Site "?"]
[Date "1995.??.??"]
[Round "12"]
[White "Dorin, Mauricio"]
[Black "Spangenberg, Hugo"]
[Result "0-1"]
[WhiteElo "2295"]
[BlackElo "2490"]

1.e4 c5 2.c3 Nf6 3.e5 Nd5 4.Nf3 e6 5.Bc4 Nc6 6.d4 Nb6 7.Bd3 d5 8.exd6 Bxd6
9.dxc5 Bxc5 10.Qc2 h6 11.O-O Qc7 12.b4 Be7 13.a3 a5 14.Bb2 O-O 15.Re1 Bd7
16.Nbd2 Rfc8 17.b5 Nb8 18.Ne5 Be8 19.c4 N8d7 20.Ng4 Nc5 21.Bh7+ Kf8 22.Qc3 f6
23.Qh3 Rd8 24.Nf3 Nxc4 25.Bc3 Qf4 26.Ne3 h5 27.Nh4 Nxe3 28.fxe3 Qg4 29.Qxg4 hxg4
30.Ng6+ Bxg6 31.Bxg6 f5 32.h3 gxh3 33.gxh3 Ne4 34.Bd4 Bf6 35.Rac1 Bxd4 36.exd4 Ke7
37.Rc7+ Kf6 38.Bh5 Rxd4 39.Rxb7 Rc8 40.Rf7+ Ke5 41.Be2 Ng5 42.Ra7 Nxh3+ 43.Kg2 Nf4+
44.Kg1 Re4 45.b6 Nxe2+ 46.Kf1 Rh8  0-1

[Event "Donau op"]
[Site "Aschach"]
[Date "1995.??.??"]
[Round "4"]
[White "Lehner, Oliver"]
[Black "Stanec, Nikolaus"]
[Result "1/2-1/2"]
[WhiteElo "2260"]
[BlackElo "2480"]

1.e4 c5 2.c3 Nf6 3.e5 Nd5 4.Nf3 e6 5.b4 d6 6.exd6 Bxd6 7.bxc5 Bxc5 8.d4 Bd6
9.a3 Qa5 10.g3 O-O 11.Bd3 Nd7 12.O-O N5f6 13.c4 e5 14.c5 e4 15.Bd2 Qd8 16.Bb5 exf3
17.cxd6 Nb6 18.Qxf3 Nbd5 19.Nc3 Qxd6 20.Ne4 Qb6 21.Nxf6+ Nxf6 22.Rab1 Bg4
23.Qf4 Qe6  1/2-1/2

[Event "AUT-chT2O 9495"]
[Site "?"]
[Date "1995.??.??"]
[Round "?"]
[White "Lehner, Oliver"]
[Black "Fusi, Christopher"]
[Result "0-1"]
[WhiteElo "2285"]
[BlackElo "2205"]

1.e4 c5 2.c3 Nf6 3.e5 Nd5 4.d4 cxd4 5.Nf3 Nc6 6.Bc4 Nb6 7.Bb3 d6 8.exd6 Qxd6
9.O-O Be6 10.Na3 Bxb3 11.Qxb3 e6 12.Nb5 Qd7 13.Rd1 Na5 14.Ne5 Nxb3 15.Nxd7 Nxa1
16.Nxb6 Rd8 17.Nc7+ Ke7 18.Na4 dxc3 19.Re1 Nc2 20.Rf1 Nd4 21.Nxc3 Rd7 22.Bf4 f6
23.Re1 Kf7  0-1

[Event "AUT-chT2O 9495"]
[Site "?"]
[Date "1995.??.??"]
[Round "?"]
[White "Wadsack, Wolfgang"]
[Black "Kummer, Helmut"]
[Result "0-1"]
[WhiteElo "2240"]
[BlackElo "2290"]

1.e4 c5 2.c3 Nf6 3.e5 Nd5 4.d4 cxd4 5.cxd4 e6 6.Nf3 b6 7.a3 Ba6 8.Bxa6 Nxa6
9.O-O Be7 10.Qd3 Nac7 11.Bd2 O-O 12.Nc3 Nxc3 13.bxc3 d5 14.a4 Rb8 15.h4 Ne8
16.g3 h5 17.Kg2 g6 18.Rfb1 Qd7 19.Qb5 Qc8 20.Ra2 Ng7 21.Qd3 Qd7 22.Qb5 Rfd8
23.a5 Qc7 24.axb6 Rxb6 25.Qa5 Qc4 26.Rxb6 axb6 27.Qa7 Nf5 28.Ra6 Qe2 29.Rxb6 Qe4
30.Rb8 Rxb8 31.Qxb8+ Kg7 32.Qe8 Bxh4 33.gxh4 Nxh4+ 34.Kf1 Qd3+ 35.Kg1 Nxf3+
36.Kg2 Nxd2  0-1

[Event "AUT-chT2S 9495"]
[Site "?"]
[Date "1995.??.??"]
[Round "3"]
[White "Reichmann, Egon"]
[Black "Scheck, Rudolf"]
[Result "1-0"]
[WhiteElo "2260"]
[BlackElo "2215"]

1.e4 c5 2.c3 Nf6 3.e5 Nd5 4.d4 cxd4 5.cxd4 e6 6.Nf3 b6 7.Bc4 Bb7 8.O-O Be7
9.Bxd5 Bxd5 10.Nc3 Bxf3 11.Qxf3 Nc6 12.Qg4 g6 13.Bh6 d5 14.exd6 Qxd6 15.Rac1 Rc8
16.d5 f5 17.Qc4  1-0

[Event "AUT-chT2S 9495"]
[Site "?"]
[Date "1995.??.??"]
[Round "6"]
[White "Hresc, Vladimir"]
[Black "Stohl, Igor"]
[Result "1-0"]
[WhiteElo "2420"]
[BlackElo "2560"]

1.e4 c5 2.c3 Nf6 3.e5 Nd5 4.g3 d6 5.exd6 Qxd6 6.Bg2 Nc6 7.Ne2 Bg4 8.O-O e6
9.d4 cxd4 10.cxd4 Be7 11.Nbc3 O-O 12.Nxd5 exd5 13.h3 Bh5 14.g4 Bg6 15.Nc3 Nb4
16.a3 Nd3 17.Nxd5 Nxc1 18.Nxe7+ Qxe7 19.Rxc1 Rad8 20.d5 f5 21.Qd4 fxg4 22.hxg4 Qd6
23.f4 h5 24.g5 Rde8 25.Qc5 Qd7 26.d6 Kh7 27.Qd4 Re2 28.f5 Rxf5 29.Rxf5 Qxf5
30.Rc7 Bf7 31.Rxf7 Qxf7 32.Qd3+  1-0

[Event "AUT-chT2S 9495"]
[Site "?"]
[Date "1995.??.??"]
[Round "8"]
[White "Pavasovic, Dusko"]
[Black "Zsinka, Laszlo"]
[Result "1-0"]
[WhiteElo "2425"]
[BlackElo "2360"]

1.e4 c5 2.c3 Nf6 3.e5 Nd5 4.d4 cxd4 5.Nf3 e6 6.cxd4 b6 7.Nc3 Bb7 8.Bd3 Nxc3
9.bxc3 Qc7 10.Bd2 d6 11.O-O Nd7 12.Ng5 g6 13.f4 Be7 14.Qg4 Bxg5 15.Qxg5 O-O
16.Rae1 Rae8 17.Bb5 Bc6 18.Bd3 Bb7 19.c4 f6 20.Qg3 Rf7 21.f5 fxe5 22.fxg6 Rxf1+
23.Rxf1 h5 24.g7 e4 25.Qg6 Re7 26.Bh6  1-0

[Event "AUT-chT2S 9495"]
[Site "?"]
[Date "1995.??.??"]
[Round "11"]
[White "Reichmann, Egon"]
[Black "Beck, Hartmuth"]
[Result "1/2-1/2"]
[WhiteElo "2260"]
[BlackElo "2285"]

1.e4 c5 2.c3 Nf6 3.e5 Nd5 4.d4 cxd4 5.cxd4 e6 6.Nf3 b6 7.Bc4 Bb7 8.O-O Qc7
9.Bxd5 Bxd5 10.Nc3 Qb7 11.Be3 Be7 12.Re1 Bxf3 13.Qxf3 Qxf3 14.gxf3 Nc6 15.f4 Bb4
16.Rec1 Bxc3 17.bxc3  1/2-1/2

[Event "AUT-chT9495"]
[Site "?"]
[Date "1995.??.??"]
[Round "?"]
[White "Neulinger, Manfred"]
[Black "Felsberger, Alfred"]
[Result "0-1"]
[WhiteElo "2260"]
[BlackElo "2420"]

1.e4 c5 2.c3 Nf6 3.e5 Nd5 4.d4 cxd4 5.Nf3 Nc6 6.Bc4 Nb6 7.Bb3 d5 8.exd6 Qxd6
9.O-O Be6 10.Na3 Bxb3 11.Qxb3 e6 12.Nb5 Qb8 13.Nbxd4 Be7 14.Re1 O-O 15.Nxc6 bxc6
16.Ne5 Bd6 17.Bf4 Qc7 18.Bg3 Rab8 19.Qc2 f6 20.Nd3 e5 21.c4 c5 22.b4 Rbc8
23.b5 Rfe8 24.f3 Rcd8 25.Nb2 Nd7 26.Na4 Nb6 27.Rad1 Bf8 28.Bf2 g6 29.Rxd8 Rxd8
30.Rd1 Rxd1+ 31.Qxd1 Qf7 32.Nxc5 Qxc4 33.Ne4 f5 34.Bxb6 axb6 35.Qd5+ Qxd5
36.Nf6+ Kf7 37.Nxd5 Ke6 38.Nc3 Bb4 39.Ne2 Kd5 40.g4 f4 41.Kf1 Kc4 42.Nc1 Bd2
43.Nb3 Be3 44.Ke2 Kxb5 45.Na1 Kc4 46.Nc2 Bc5 47.Kd2 Be3+ 48.Ke2 Bd4 49.h3 Kc3
50.Ne1 Bc5 51.Nd3 Bd4 52.Nc1 Kb2 53.Kd1 b5  0-1

[Event "AUT-chT9495"]
[Site "?"]
[Date "1995.??.??"]
[Round "?"]
[White "Petschar, Kurt"]
[Black "Bukacek, Emil"]
[Result "1-0"]
[WhiteElo "2295"]
[BlackElo "2325"]

1.e4 c5 2.c3 Nf6 3.e5 Nd5 4.Nf3 e6 5.d4 cxd4 6.cxd4 Nc6 7.a3 d6 8.Bd3 Bd7
9.O-O Rc8 10.Nbd2 dxe5 11.dxe5 Be7 12.Re1 Qc7 13.Nc4 a6 14.Bg5 f6 15.exf6 gxf6
16.Bh4 b5 17.Bg3 Nf4 18.Ncd2 f5 19.a4 Nb4 20.Bf1 Nbd5 21.axb5 axb5 22.Ne5 Bb4
23.Nd3 Bd6 24.Nxf4 Bxf4 25.Qh5+ Kf8 26.Nf3 Kg7 27.Ng5 Rce8 28.Bxf4 Nxf4 29.Qf7+ Kh6
30.Qf6+ Kh5 31.Be2+ Nxe2+ 32.Rxe2 Rhf8 33.Nf7 Qf4 34.Re3  1-0

[Event "AUT-chT9495"]
[Site "?"]
[Date "1995.??.??"]
[Round "?"]
[White "Wiedner, Robert"]
[Black "Kranzl, Peter"]
[Result "1/2-1/2"]
[WhiteElo "2245"]
[BlackElo "2285"]

1.e4 c5 2.c3 Nf6 3.e5 Nd5 4.d4 e6 5.Nf3 cxd4 6.Qxd4 Nc6 7.Qe4 f5 8.exf6 Nxf6
9.Qh4 e5 10.Bg5 d5 11.Nbd2 Bf5 12.Bb5 Bd6 13.O-O O-O 14.Rfe1 e4 15.Nd4 Nxd4
16.cxd4 Qb6 17.Ba4 Qxd4 18.Bb3 Ng4 19.Nf1 Be6 20.Re2 Qb6 21.Bxd5 Bxd5 22.Qxg4 Bc4
23.Rd2 Bd3 24.Be3 Qc7 25.g3 Rf6 26.Bd4 Rg6 27.Qf5 Qc4 28.Be3 Rf8 29.Qd7 Be5
30.Qxb7 h5 31.Qb3 Qxb3 32.axb3 a6 33.Ra5 Bb5 34.Ra1 h4 35.Kg2 hxg3 36.hxg3 Bd3
37.Nh2 Rb8 38.Rc1 Rxb3 39.Rc8+ Kh7 40.Rd1 Rxb2 41.Kh3 Re2 42.Ng4 Bb2 43.Rh1 Re6
44.Kg2+ Kg6 45.Rc5 Rc2 46.Rg5+ Kf7 47.Rh8 Be2 48.Rf5+ Bf6 49.Nxf6 Rxf6 50.Rxf6+ gxf6
51.Ra8 Rc7 52.g4 Ke6 53.Rg8 Kd5 54.Kg3 Rc6 55.Kf4 a5 56.g5  1/2-1/2

[Event "AUT-chT2O 9596"]
[Site "AUT"]
[Date "1995.??.??"]
[Round "6"]
[White "Lechtynsky, Jiri"]
[Black "Rotstein, Arkadij"]
[Result "1/2-1/2"]
[WhiteElo "2425"]
[BlackElo "2445"]

1.e4 c5 2.c3 Nf6 3.e5 Nd5 4.Nf3 e6 5.Bc4 d6 6.d4 Nd7 7.O-O N7b6 8.Bxd5 Nxd5
9.dxc5 dxc5 10.Qe2 Be7 11.c4 Nb4 12.Rd1 Qc7 13.Nc3 O-O 14.Nb5 Qb8 15.Qe4 h6
16.Qg4 Kh7 17.Qe4+ Kg8 18.Qg4 Kh7 19.Qe4+ Kg8  1/2-1/2

[Event "Azov"]
[Site "Azov"]
[Date "1995.??.??"]
[Round "2"]
[White "Turov, Maxim"]
[Black "Zakharstov, Viacheslav V"]
[Result "1/2-1/2"]
[WhiteElo "2345"]
[BlackElo "2440"]

1.e4 c5 2.c3 Nf6 3.e5 Nd5 4.d4 cxd4 5.Nf3 e6 6.cxd4 b6 7.Bd3 d6 8.O-O Nd7
9.a3 Qc7 10.Re1 Bb7 11.Bd2 dxe5 12.dxe5 Be7 13.Nc3 Nxc3 14.Bxc3 O-O 15.Rc1 Rac8
16.b4 Rfd8 17.Qe2 Nf8 18.Bb2 Qb8 19.Be4 Ng6 20.g3 Bf8 21.Bxb7 Qxb7 22.Nd4 a6
23.Qf3 Rd5 24.Rxc8 Qxc8 25.Rc1 Qd7 26.Nc6 a5 27.Qe4 axb4 28.axb4 h6 29.Bd4 Bxb4
30.Bxb6 Ba3 31.Rc2 Qb7 32.Bd4 Rd7  1/2-1/2

[Event "Azov"]
[Site "Azov"]
[Date "1995.??.??"]
[Round "6"]
[White "Turov, Maxim"]
[Black "Ryskin, Alexander"]
[Result "1/2-1/2"]
[WhiteElo "2345"]
[BlackElo "2440"]

1.e4 c5 2.c3 Nf6 3.e5 Nd5 4.d4 cxd4 5.Nf3 Nc6 6.Bc4 Nb6 7.Bb3 d5 8.exd6 Qxd6
9.O-O Be6 10.Na3 Bxb3 11.Qxb3 Qd5 12.Nb5 Rc8 13.Nfxd4 Nxd4 14.Nxd4 e6 15.Rd1 Qxb3
16.axb3 a6 17.Bf4 Be7 18.Kf1 h5 19.Nf3 Nd5 20.Be5 f6 21.c4 Nb4 22.Bc3 Nc6
23.Nd4 Nxd4 24.Rxd4 Rd8 25.Rad1 Rxd4 26.Bxd4 Bb4 27.Ke2 Ke7 28.Bb6 Bd6 29.h3 Re8
30.h4  1/2-1/2

[Event "Bad Endbach"]
[Site "Bad Endbach"]
[Date "1995.??.??"]
[Round "?"]
[White "Schmittdiel, Eckhard"]
[Black "Gutman, Lev"]
[Result "0-1"]
[WhiteElo "2485"]
[BlackElo "2470"]

1.e4 c5 2.c3 Nf6 3.e5 Nd5 4.d4 cxd4 5.Nf3 d6 6.Bc4 Nb6 7.Bb3 g6 8.Bf4 Bg7
9.O-O O-O 10.exd6 Bg4 11.dxe7 Qxe7 12.h3 Bxf3 13.Qxf3 Nc6 14.a4 Nd7 15.Qg3 Rfd8
16.Nd2 dxc3 17.bxc3 Nc5 18.Bc2 Qf6 19.Ra3 Ne6 20.Be3 Qe7 21.Rb3 Rac8 22.Ne4 b6
23.Ng5 Na5 24.Nxe6 Qxe6 25.Rb5 Rxc3 26.Bd1 Qd6 27.Qh4 Rc4 28.g4 Re8 29.Kg2 Bd4
30.Bh6 Rc3 31.Bd2 Bf6 32.Qh6 Rd3 33.Bb4 Qc6+ 34.Kh2 Bg7 35.Qf4 a6  0-1

[Event "Badenweiler op"]
[Site "Badenweiler"]
[Date "1995.??.??"]
[Round "3"]
[White "Werner, Veronika"]
[Black "Solonar, Stephan"]
[Result "1/2-1/2"]
[WhiteElo "2215"]
[BlackElo "2320"]

1.e4 c5 2.c3 Nf6 3.e5 Nd5 4.d4 cxd4 5.Nf3 Nc6 6.Bc4 Nb6 7.Bb3 d5 8.exd6 Qxd6
9.O-O Bf5 10.cxd4 e6 11.Nc3 Be7 12.Be3 Rd8 13.Qe2 O-O 14.Rfd1 Na5 15.Ne5 Nxb3
16.axb3 a6 17.Na4 Nxa4 18.bxa4 Qb4 19.Rdc1 Rc8 20.Nd7 Rxc1+ 21.Rxc1 Rd8 22.Nc5 Bxc5
23.Rxc5 Qxa4 24.h3 Qd7 25.Qf3 Bg6 26.Qf4 Rc8 27.Rxc8+ Qxc8 28.Qe5 f6 29.Qd6 Be4
30.Bd2 Kf7 31.Qc5 Qd7 32.Bb4 Bd5 33.Qc2 Bc6 34.Qc5 Bd5 35.Qc2 a5 36.Ba3 b5
37.Bc5 h6 38.Qe2 Bc6 39.Qh5+ Kg8 40.Qg4 Qd5 41.f3 Kf7 42.Qf4 e5 43.Qe3 e4
44.fxe4 Qxe4 45.Qxe4 Bxe4 46.Kf2 h5 47.h4 Ke6 48.g3 Kd5 49.Ke3 f5 50.Bf8 b4
51.Bxg7 a4 52.Kd2 Kc4 53.d5 Bxd5 54.Bf6 Kb3 55.Kc1 Kc4 56.Kd2 Kb3 57.Kc1 Be4
58.Bg7 Ka2 59.Bf6 Kb3 60.Bg7 Kc4 61.Kd2 a3  1/2-1/2

[Event "Badenweiler op"]
[Site "Badenweiler"]
[Date "1995.??.??"]
[Round "3"]
[White "Werner, Clemens"]
[Black "Schaefer, Michael"]
[Result "1-0"]
[WhiteElo "2340"]
[BlackElo "2200"]

1.e4 c5 2.c3 Nf6 3.e5 Nd5 4.d4 cxd4 5.Nf3 e6 6.cxd4 b6 7.Nc3 Nxc3 8.bxc3 Qc7
9.Bd2 Bb7 10.Bd3 d6 11.O-O Nd7 12.Re1 Be7 13.Ng5 dxe5 14.Qh5 g6 15.Qh6 Bf8
16.Qh3 Bg7 17.dxe5 a6 18.Nxe6 fxe6 19.Qxe6+ Kf8 20.Bc4 Nc5 21.Qg4 Ke8 22.Bg5 h5
23.Qh4 Qc6 24.f3 Rh7 25.Rad1 Bf8 26.Rd6 Qc8 27.Rxg6 b5 28.Bg8 Nd3 29.Re6+ Qxe6
30.Bxe6 Nxe1 31.Qxe1 Rg7 32.Qh4  1-0

[Event "Badenweiler op"]
[Site "Badenweiler"]
[Date "1995.??.??"]
[Round "7"]
[White "Werner, Clemens"]
[Black "Loeffler, Markus"]
[Result "1-0"]
[WhiteElo "2340"]
[BlackElo "2335"]

1.e4 c5 2.c3 Nf6 3.e5 Nd5 4.d4 cxd4 5.Nf3 e6 6.cxd4 b6 7.Nc3 Nxc3 8.bxc3 Qc7
9.Bd2 d6 10.Bd3 Nd7 11.O-O dxe5 12.Nxe5 Nxe5 13.Bf4 Bd6 14.dxe5 Bxe5 15.Qa4+ Ke7
16.Qb4+ Kf6 17.Be3 g5 18.f4 gxf4 19.Bxf4 Kg7 20.Bxe5+ Qxe5 21.Qg4+ Kf8 22.Qf3  1-0

[Event "Badenweiler op"]
[Site "Badenweiler"]
[Date "1995.??.??"]
[Round "9"]
[White "Werner, Isabel"]
[Black "Loeffler, Markus"]
[Result "0-1"]
[WhiteElo "2105"]
[BlackElo "2335"]

1.e4 c5 2.c3 Nf6 3.e5 Nd5 4.d4 cxd4 5.Nf3 e6 6.cxd4 Qc7 7.a3 b6 8.Bd3 Ba6
9.Bxa6 Nxa6 10.O-O Rc8 11.Nbd2 Be7 12.Qe2 Nb8 13.Ne4 h6 14.Bd2 Qc4 15.Rac1 Qxe2
16.Nd6+ Bxd6 17.Rxc8+ Ke7 18.exd6+ Kxd6 19.Rxh8 Nc6 20.Re1 Qd3 21.Be3 f6
22.h3 Nce7 23.g4 Qe4 24.Nd2 Qc2 25.Nf3 Qxb2 26.Bc1 Qc3 27.Kg2 Ng6 28.Rh7 Nh4+
29.Nxh4 Qxe1 30.Be3 Nxe3+ 31.fxe3 Qxh4 32.Rxg7 Qe1 33.Kf3 h5 34.gxh5 Qf1+  0-1